000 00807nam a22001337a 4500
040 _cRUA
082 _aAGR CHH 2008 B062 Or.1
100 _aCHHOEUM, CHANKAKADA.
245 _aEtudes d'alimentation supplementaire d'apic mellifera a la station experimentale se fruit de dragon de l'universite royale d'agriculture (cambodge) ការសិក្សាពីចំណីបន្ថែមលើពូជឃ្មុំអឺរ៉ុបក្នុងស្ថានីយ៍ពិសោធន៍ដំណាំស្រកានាគនៅសាកលវិទ្យាល័យភូមិន្ធកសិកម្ម.
260 _aphnom phen
_bRUA
_c2008
300 _aVII,49p.
_bill.
_c29cm.
856 _uhttps://drive.google.com/file/d/1Rzfq4r9zEXNKT2jN2a1q4U3IyY-6AThW/view?usp=sharing
942 _cAGR
999 _c1474
_d1474